000 00370nam a2200157Ia 4500
003 Ost
005 20260225132546.0
008 260225s9999||||xx |||||||||||||| ||und||
040 _cfsic
041 _afre
082 _a440
100 _aFrançois Quesray
_eAuteur
245 0 _aTableau économique des physiocrates /
245 0 _cFrançois Quesray
942 _cكتاب
999 _c33871
_d33871